| 000 | 00844cab a2200205 4500 | ||
|---|---|---|---|
| 001 | ABS37699 | ||
| 008 | 090401t1987 xxu||||| |||| 00| 0 eng d | ||
| 035 | _a(Sirsi) u6273 | ||
| 041 | _aeng | ||
| 245 | _aBurden of covenants | ||
| 260 | _c1987 | ||
| 350 | _a0 | ||
| 490 |
_aEstates Gazette _v282(6334) 16 May 1987, 875-876(2) |
||
| 520 | _aA mainly for students article considering the extent, and circumstances, in which the burden of leasehold covenants would be binding on a successor in title . With reference to caselaw, lists covenants accepted as "touching and concerning the land" and "running with the land". Also considers privity of contract when the original tenant assigns the lease. | ||
| 650 | _aASSIGNMENT | ||
| 650 | _aLEASEHOLD INTEREST | ||
| 690 | _aPROPERTY-LANDLORD AND TENANT | ||
| 942 | _n0 | ||
| 948 | _c04/03/1997 | ||
| 999 |
_c3774 _d3774 |
||